000 00517nam a2200169 i 4500
001 55675
003 ES-MaACL
005 20230906163208.0
007 t|
008 030925s1958 sp ||||1| spa d
100 1 _aVignes Rouges, Jean des.
_9114652
245 1 0 _aLo que dice tu mano /
_cJean des Vignes Rouges ; traducción de J.José Moreno.
260 _aBarcelona :
_bDaimon,
_c[1958] (
_fSugrañés)
300 _a248 p. ;
_c18 cm.
700 1 _aMoreno, J. José.
_983286
852 _aES-MaACL
_jC-16371
_bR.44080
999 _c55675
_d55675